La Boliviada (Record no. 166111)
[ view plain ]
| 000 -LEADER | |
|---|---|
| campo de control de longitud fija | 00897nam a22001935i 4500 |
| 001 - NÚMERO DE CONTROL | |
| campo de control | 166111 |
| 003 - IDENTIFICADOR DE NÚMERO DE CONTROL | |
| campo de control | ES-MaACL |
| 005 - FECHA Y HORA DE LA ÚLTIMA TRANSACCIÓN | |
| campo de control | 20250928102031.0 |
| 008 - DATOS DE LONGITUD FIJA--INFORMACIÓN GENERAL | |
| campo de control de longitud fija | 000131s1883 ve |||| | spa d |
| 040 ## - FUENTE DE CATALOGACIÓN | |
| Centro catalogador/agencia de origen | CCPB | B |
| Lengua de catalogación | spa |
| Centro/agencia transcriptor | CCPB | B |
| 100 1# - ENTRADA PRINCIPAL--NOMBRE DE PERSONA | |
| Nombre de persona | Tejera, Felipe. |
| 9 (RLIN) | 133166 |
| 245 13 - MENCIÓN DEL TÍTULO | |
| Título | La Boliviada |
| Resto del título | : poema épico en doce cantos / |
| Mención de responsabilidad, etc. | por Felipe Tejera. |
| 260 ## - PUBLICACIÓN, DISTRIBUCIÓN, ETC. | |
| Lugar de publicación, distribución, etc. | Caracas : |
| Nombre del editor, distribuidor, etc. | [s.n.], |
| Fecha de publicación, distribución, etc. | 1883 ( |
| Fabricante | Imprenta Sanz) |
| 300 ## - DESCRIPCIÓN FÍSICA | |
| Extensión | [6], 156 p. ; |
| Dimensiones | 29 cm. |
| 594 ## - Nota al título y mención de responsabilidad | |
| Nota al título y mención de responsabilidad | Tít. en cub. y primera port.: ¨Ofrenda al libertador en su primer centenario : impresa por disposición del ... presidente de los Estados Unidos de Venezuela, General Guzman Blanco : 24 de julio de 1883¨. |
| 600 17 - PUNTO DE ACCESO ADICIONAL DE MATERIA--NOMBRE DE PERSONA | |
| Nombre de persona | Bolivar, Simón, |
| Fechas asociadas al nombre | 1783-1830- |
| Subdivisión de forma | Aniversarios y centenarios |
| Fuente del encabezamiento o término | |
| 9 (RLIN) | 142693 |
| 852 ## - LOCALIZACIÓN | |
| Ubicación | ES-MaACL |
| Número de control de estantería | T-1479-F-1 |
| Nota libre | -- Enc. hol., conservando la cub. original |
| -- | -- Enc. en un vol. facticio |
| Estatus retirado | Estado de pérdida | Estado de daño | No para préstamo | Colección | Biblioteca de origen | Biblioteca actual | Ubicación en estantería | Fecha de adquisición | Total de préstamos | Signatura topográfica completa | Código de barras | Visto por última vez | Precio de reemplazo | Tipo de ítem Koha |
|---|---|---|---|---|---|---|---|---|---|---|---|---|---|---|
| Colección de folletos | Biblioteca del Ateneo de Madrid | Biblioteca del Ateneo de Madrid | Depósito folletos | 17/01/2008 | T-1479-F-1 | 1174207 | 23/02/2023 | 23/02/2023 | Folleto |
